| 000 | 00643nam a22001457a 4500 | ||
|---|---|---|---|
| 082 |
_a823 _bNEE/M |
||
| 100 | _aNEELAKANDAN,ANAND | ||
| 245 | _aMAHI-THE ELEPHANT WHO FLEW OVER THE BLUE MOUNTAIN | ||
| 246 |
_aMAHI-THE ELEPHANT WHO FLEW OVER THE BLUE MOUNTAIN _bMAHI-THE ELEPHANT WHO FLEW OVER THE BLUE MOUNTAIN |
||
| 260 |
_aU K _bHARPER COLLINS _c2023 |
||
| 300 | _a215 | ||
| 520 | _aWhen Mahi, a young elephant, decides to fulfil his dream of flying over the blue mountains, little does he know that he's setting in motion a chain of events that will endanger him, his mother and the whole of Anastan. | ||
| 650 | _aENGLISH STORY | ||
| 942 | _cBK | ||
| 999 |
_c8574 _d8574 |
||